00285nam a2200109Ia 4500008004100000041000800041082001500049100001500064245003500079260002900114300003200143240624s9999 xx 000 0 und d aeng a658.15 GUR aGURUSAMY S aFINANCIAL SERVICES AND MARKETS c2004aAustraliabThomson axxvi, : 806 : p. : cm. ; 24